| 000 | 00541nam a2200145Ia 4500 | ||
|---|---|---|---|
| 008 | 151213s9999 xx 000 0 und d | ||
| 100 | _aরকিবুল হাসান। | ||
| 245 |
_aীকয়ায় রবীন্দ্রনাথ বাঘা যতীন এবং প্রাঞ্জন _cরকিবুল হাসান। |
||
| 260 |
_aঢাকা _bবটমূল। _c2008 |
||
| 300 | _a9276 p. | ||
| 650 | _aBangla | ||
| 650 | _aজীবন্ | ||
| 700 | _aরকিবুল হাসান। | ||
| 999 |
_c4742 _d4742 |
||